| 000 | 01267cam a2200313 a 4500 | ||
|---|---|---|---|
| 001 | 15308623 | ||
| 003 | ARRUPE | ||
| 005 | 20220517085658.0 | ||
| 008 | 080529s2007 rh a b 001 0 eng | ||
| 010 | _a 2008346490 | ||
| 020 | _a9781779370075 | ||
| 040 |
_aDLC _cDLC |
||
| 042 | _alcode | ||
| 043 | _afb----- | ||
| 050 | 0 | 0 |
_aJQ1875.A55 _bC63723 2007 |
| 245 | 0 | 0 |
_aInstitutional frameworks for addressing public sector corruption in Africa : _bmandate, performance, challenges, and capacity needs / _can ACBF operations research. |
| 246 | 3 | 0 | _aAddressing public sector corruption in Africa |
| 260 |
_aHarare, Zimbabwe : _bAfrican Capacity Building Foundation, _cc2007. |
||
| 300 |
_axv, 176 p. : _bill. ; _c23 cm. |
||
| 504 | _aIncludes bibliographical references (p. 167-169) and index. | ||
| 650 | 0 |
_aCorruption _zAfrica, Sub-Saharan. _951594 |
|
| 650 | 0 |
_aPolitical corruption _zAfrica, Sub-Saharan. _951595 |
|
| 650 | 0 |
_aCorruption _zAfrica, Sub-Saharan _xPrevention. _951596 |
|
| 650 | 0 |
_aPolitical corruption _zAfrica, Sub-Saharan _xPrevention, _951597 |
|
| 710 | 2 |
_aAfrican Capacity Building Foundation. _951598 |
|
| 906 |
_a7 _bcbc _corigode _d3 _encip _f20 _gy-gencatlg |
||
| 942 |
_2lcc _cMONOGRAPH |
||
| 999 |
_c131430 _d131430 |
||